000 00313nam a2200133Ia 4500
008 191201s1968 xx 000 0 und d
100 _aJORDAN, E C
245 0 _aElectromagnetic Waves and Radiating Systems
250 _a2nd
260 _c1968
_bPHI
_aN.Delhi
300 _a753
650 _aECE
942 _2ddc
_cBB
999 _c7254
_d7254